| 000 | 00878nam0a22002651 4500 | ||
|---|---|---|---|
| 001 | rc\2725254 | ||
| 005 | 20260407071617.0 | ||
| 035 | _a(NLR Aleph) 006852750 | ||
| 090 |
_a6764470 _c6764470 |
||
| 100 | _a20110915d1943 u y0rusy50 ca | ||
| 101 | 0 | _arus | |
| 102 | _aRU | ||
| 105 | _ay z ||||| | ||
| 200 | 1 | _aБоевые задачи весеннего сева 1943 года | |
| 210 |
_a[Москва] _cГосполитиздат _d1943 |
||
| 215 |
_a64 с., без обл. _d16 см. |
||
| 700 | 1 |
_4070 _7ca _8rus _aАнисимов _bН.И. _cд-р экон. наук _gНиколай Ильич _3RU\NLR\AUTH\770282348 _92671150 |
|
| 801 | 0 |
_aRU _bNLR _gpsbo |
|
| 801 | 1 |
_aRU _bELAR _2rusmarc |
|
| 852 |
_aNLR _jЭк50 Г-2/123 |
||
| 942 | _cBOOK | ||
| 945 | _aРоссийская национальная библиотека | ||
| 980 | _aNB | ||
| 980 | _aBV | ||